Introducción al Marketing (Registro nro. 1469)

Detalles MARC
000 -LEADER
fixed length control field 01466 a2200277 4500
001 - CONTROL NUMBER
control field 26493
005 - DATE AND TIME OF LATEST TRANSACTION
control field 20260407155544.0
008 - FIXED-LENGTH DATA ELEMENTS--GENERAL INFORMATION
fixed length control field 260407a2000 arg spa d
003 - CONTROL NUMBER IDENTIFIER
control field AR-UNSa-BCEJYS
040 ## - CATALOGING SOURCE
Original cataloging agency AR-UNSa-BCEJYS
Language of cataloging spa
Transcribing agency AR-UNSa-BCEJYS
080 ## - UNIVERSAL DECIMAL CLASSIFICATION NUMBER
Universal Decimal Classification number 658.8
Common auxiliary subdivision Organización de mercados. Marketing. Ventas. Distribución
020 ## - INTERNATIONAL STANDARD BOOK NUMBER
International Standard Book Number 84-8322-178-0
100 1# - MAIN ENTRY--PERSONAL NAME
Personal name Kotler, Philip
245 10 - TITLE STATEMENT
Title Introducción al Marketing
264 #1 - PRODUCTION, PUBLICATION, DISTRIBUTION, MANUFACTURE, AND COPYRIGHT NOTICE
Place of production, publication, distribution, manufacture Madrid :
Name of producer, publisher, distributor, manufacturer Prentice Hall
Date of production, publication, distribution, manufacture, or copyright notice 2000
300 ## - PHYSICAL DESCRIPTION
Extent xiii, 417 p.
Dimensions 27 cm.
505 ## - FORMATTED CONTENTS NOTE
Formatted contents note 1. El papel de marketing en un mundo cambiante: La satisfacción de las necesidades humanas - 2. La planificación estratégica y el proceso de marketing - 3. El entorno de marketing - 4. Comportamiento de compra del consumidor - 5. La información de mercado y la investigación comercial - 6. Segmentación y posicionamiento para conseguir una ventaja competitiva - 7. Producto y marca - 8. Marketing de servicios - 9. Consideraciones y enfoques de fijación de precios - 10. Comunicación integrada - 11. Comunicación de masas: publicidad, promoción de ventas y relaciones públicas - 12. La gestión de los canales de distribución - 13. Marketing directo y marketing on line.
590 ## - LOCAL NOTE (RLIN)
Local note niveau_biblio:m niveau_hierar:0
700 1# - ADDED ENTRY--PERSONAL NAME
Personal name Armstrong, Gary
700 1# - ADDED ENTRY--PERSONAL NAME
Personal name Saunders, John
700 1# - ADDED ENTRY--PERSONAL NAME
Personal name Wonds, Verónica
700 1# - ADDED ENTRY--PERSONAL NAME
Personal name Miquel, Salvador
700 1# - ADDED ENTRY--PERSONAL NAME
Personal name Bigné, J. Enrique
700 1# - ADDED ENTRY--PERSONAL NAME
Personal name Cámara, Dionisio
942 ## - ADDED ENTRY ELEMENTS (KOHA)
Koha item type
Existencias
Withdrawn status Lost status Damaged status Not for loan Home library Current library Shelving location Date acquired Total checkouts Full call number Barcode Date last seen Price effective from Koha item type Public note
        Biblioteca Prof. Eusebio Cleto del Rey Biblioteca Prof. Eusebio Cleto del Rey   07/04/2026   658.8 I61 L85840 07/04/2026 07/04/2026 Libro  
        Biblioteca Prof. Eusebio Cleto del Rey Biblioteca Prof. Eusebio Cleto del Rey   07/04/2026   658.8 I61 L85844 07/04/2026 07/04/2026 Libro  
        Biblioteca Prof. Eusebio Cleto del Rey Biblioteca Prof. Eusebio Cleto del Rey   07/04/2026   658.8 I61 L85843 07/04/2026 07/04/2026 Libro  
        Biblioteca Prof. Eusebio Cleto del Rey Biblioteca Prof. Eusebio Cleto del Rey   07/04/2026   658.8 I61 L85841 07/04/2026 07/04/2026 Libro MANCHADO PAG. 49
        Biblioteca Prof. Eusebio Cleto del Rey Biblioteca Prof. Eusebio Cleto del Rey   07/04/2026   658.8 I61 L85847 07/04/2026 07/04/2026 Libro  
        Biblioteca Prof. Eusebio Cleto del Rey Biblioteca Prof. Eusebio Cleto del Rey   07/04/2026   658.8 I61 L85842 07/04/2026 07/04/2026 Libro  
        Biblioteca Prof. Eusebio Cleto del Rey Biblioteca Prof. Eusebio Cleto del Rey   07/04/2026   658.8 I61 L85846 07/04/2026 07/04/2026 Libro  
        Biblioteca Prof. Eusebio Cleto del Rey Biblioteca Prof. Eusebio Cleto del Rey   07/04/2026   658.8 I61 L85848 07/04/2026 07/04/2026 Libro  
        Biblioteca Prof. Eusebio Cleto del Rey Biblioteca Prof. Eusebio Cleto del Rey   07/04/2026   658.8 I61 L85845 07/04/2026 07/04/2026 Libro